000 00549nam a2200157 a 4500
001 000033969
005 20200930070650.0
008 110915s1893 xxu 000 0 eng d
040 _aDO-SdBNP
_bspa
_cBNPHU
082 _axxx
_bF633t
100 1 _aFlorentino, Nicolau
_959429
245 1 0 _aThe wife of Columbus :
_bwith genealogical tree of the perestrello and moniz families /
_cNicolau Florentino, Regina Maney.
260 _aNew York :
_bPress of Stettiner, Lambert & co.,
_c1893.
300 _axiii, 48 p. ;
_c19 cm.
700 1 _aManey, Regina
_959430
999 _c33460
_d33460